[Event "Charlotte Spring Classic 2021"]
[Site "Charlotte"]
[Date "2021.03.28"]
[Round "4.6"]
[White "Titus, Andrew"]
[Black "Fishbein, Alexander"]
[Result "0-1"]
[WhiteElo "2158"]
[BlackElo "2438"]
[Annotator "NA"]
[PlyCount "64"]
[EventDate "2021.03.22"]
[EventType "swiss"]
[EventCountry "USA"]
[SourceTitle "playchess.com"]
[Source "ChessBase"]
[SourceQuality "1"]
[TimeControl "5400+30"]

1. e4 {[%emt 0:00:58]} e5 {[%emt 0:00:27]} 2. Nf3 {[%emt 0:00:07]} Nc6 {[%emt 0:00:10]} 3. Bb5 {[%emt 0:00:19]} a6 {[%emt 0:00:11]} 4. Ba4 {[%emt 0:00:02]} Nf6 {[%emt 0:00:05]} 5. O-O {[%emt 0:01:13]} Nxe4 {[%emt 0:00:04]} 6. d4 {[%emt 0:04:01]} b5 {[%emt 0:00:04]} 7. Bb3 {[%emt 0:00:02]} d5 {[%emt 0:00:05]} 8. dxe5 {[%emt 0:00:13]} Be6 {[%emt 0:00:03]} 9. Nbd2 {[%emt 0:02:30]} Nc5 {[%emt 0:00:05]} 10. Qe2 {[%emt 0:13:31]} Be7 {[%emt 0:09:23]} 11. Rd1 {[%emt 0:09:05]} O-O {[%emt 0:06:00]} 12. h3 {[%emt 0:09:07]} d4 {[%emt 0:09:14]} 13. Bxe6 {[%emt 0:06:26]} Nxe6 {[%emt 0:01:07]} 14. Qe4 {[%emt 0:04:35]} Qd7 {[%emt 0:02:27]} 15. Nb3 {[%emt 0:03:03]} Rad8 {[%emt 0:00:25]} 16. c3 {[%emt 0:09:36]} d3 {[%emt 0:05:48]} 17. Ne1 {[%emt 0:05:06]} Qd5 {[%emt 0:00:53]} 18. Qxd5 {[%emt 0:00:06]} Rxd5 {[%emt 0:00:02]} 19. Rxd3 {[%emt 0:01:39]} Rxd3 {[%emt 0:02:20]} 20. Nxd3 {[%emt 0:00:03]} Rd8 {[%emt 0:00:07]} 21. Nf4 {[%emt 0:03:21]} Rd1+ {[%emt 0:09:15]} 22. Kh2 {[%emt 0:00:01]} Nxe5 {[%emt 0:01:52]} 23. Nxe6 {[%emt 0:04:04]} fxe6 {[%emt 0:00:11]} 24. a4 {[%emt 0:08:15]} Bd6 {[%emt 0:05:02]} 25. g3 {[%emt 0:00:17]} Nf3+ {[%emt 0:02:56]} 26. Kg2 {[%emt 0:00:02]} Ne1+ {[%emt 0:00:10]} 27. Kh2 {[%emt 0:00:09]} Nc2 {[%emt 0:01:48]} 28. Ra2 {[%emt 0:00:08]} b4 {[%emt 0:00:18]} 29. Be3 {[%emt 0:06:08]} Nxe3 {[%emt 0:01:17]} 30. fxe3 {[%emt 0:00:04]} Rd3 {[%emt 0:00:56]} 31. Ra1 {[%emt 0:01:57]} Rxe3 {[%emt 0:01:25]} 32. Nd4 {[%emt 0:00:39]} Rxg3 {[%emt 0:00:40]} 0-1

[Event "Charlotte Spring Classic 2021"]
[Site "Charlotte"]
[Date "2021.03.28"]
[Round "4.7"]
[White "Venkat, Raghav"]
[Black "Prasanna Raghuram Rao"]
[Result "0-1"]
[WhiteElo "2175"]
[BlackElo "2437"]
[Annotator "TA"]
[PlyCount "72"]
[EventDate "2021.03.22"]
[EventType "swiss"]
[EventCountry "USA"]
[SourceTitle "playchess.com"]
[Source "ChessBase"]
[SourceQuality "1"]

{[%evp 9,72,-17,-22,-18,0,-12,-13,-28,-30,-34,-32,-55,-8,-21,0,-17,-25,-37,-42,-60,-60,-84,-77,-134,-95,-133,-133,-146,-64,-77,-89,-93,-28,-113,-41,-62,0,-114,-39,-39,-31,-46,-26,-8,-22,-131,-117,-118,-119,-99,-83,-73,-8,-136,-137,-130,-137,-149,-82,-227,-206,-666,-661,-598,-565]} 1. b3 d5 2. Bb2 Bg4 3. h3 Bh5 4. d4 Nf6 5. Nd2 c5 6. dxc5 {[#] A01: Nimzowitsch-Larsen Opening.} e6 $146 ({Predecessor:} 6... Nc6 7. Ngf3 e6 8. e3 Bxc5 9. Be2 O-O 10. O-O Rc8 11. a3 a5 12. Ne5 Nxe5 13. Bxe5 {0-1 (34) Calvert,D (1982)-Bai,J (2444) London 2014}) 7. g4 Bg6 8. e3 {The position is equal.} Nc6 9. Ngf3 Bxc5 10. Bb5 Rc8 11. Ne5 O-O {Hoping for ...Nxe5.} (11... Bb4 {keeps more tension.} 12. O-O O-O 13. Nxg6 hxg6 14. c3 Bd6) 12. Bxc6 bxc6 13. Nxg6 fxg6 14. Qe2 Qe7 15. O-O-O Ba3 16. Bxa3 (16. Qa6 $142 Bxb2+ 17. Kxb2) 16... Qxa3+ $17 {[%mdl 64] Double Attack} 17. Kb1 a5 18. g5 Nh5 (18... Ne8 $17 19. Ka1 Nd6) 19. Qg4 Qe7 20. Rhf1 Rb8 (20... a4 $17) 21. Qa4 (21. h4 $11 {keeps the balance.}) 21... Qc5 (21... c5 $17 22. Qxa5 c4) 22. Qg4 Qe7 (22... Rfe8 $15) 23. Qa4 {[#]} Qc7 (23... c5 $1 $17 24. Qxa5 c4) 24. Qg4 $15 e5 25. c4 Qe7 26. cxd5 $1 cxd5 27. Qa4 (27. h4 $11) 27... Qxg5 $17 28. Qxa5 Nf6 29. e4 Ra8 30. Qc3 d4 (30... Rad8 $17) 31. Qc4+ (31. Qg3 $1 $11 Qh5 32. f3) 31... Kh8 32. f4 exf4 33. Qxd4 Rfd8 ({Black should play} 33... h6 34. h4 Qxh4) 34. Qb2 (34. Nf3 $17 Qa5 35. Qa4 Rxd1+ 36. Rxd1 Qxa4 37. bxa4) 34... Qg2 $19 35. Rxf4 $2 {[#]} (35. Qc2) 35... Qe2 $1 {[%cal Re2d1]} 36. Rff1 Nxe4 {Weighted Error Value: White=0.38/Black=0.21} 0-1

[Event "Charlotte Spring Classic 2021"]
[Site "Charlotte"]
[Date "2021.03.28"]
[Round "4.8"]
[White "Amburgy, Ryan"]
[Black "Vigorito, David"]
[Result "1/2-1/2"]
[WhiteElo "2019"]
[BlackElo "2339"]
[Annotator "NA"]
[PlyCount "59"]
[EventDate "2021.03.22"]
[EventType "swiss"]
[EventCountry "USA"]
[SourceTitle "playchess.com"]
[Source "ChessBase"]
[SourceQuality "1"]
[TimeControl "5400+30"]

1. d4 {[%emt 0:00:00]} g6 {[%emt 0:00:31]} 2. Nc3 {[%emt 0:00:00]} Bg7 {[%emt 0:00:07]} 3. Bf4 {[%emt 0:00:00]} d6 {[%emt 0:01:17]} 4. e3 {[%emt 0:00:00]} Nd7 {[%emt 0:01:22]} 5. Nf3 {[%emt 0:03:12]} e5 {[%emt 0:04:26]} 6. Bg5 {[%emt 0:00:11]} Ne7 {[%emt 0:00:38]} 7. dxe5 {[%emt 0:03:48]} dxe5 {[%emt 0:00:29]} 8. Bc4 {[%emt 0:02:09]} f6 {[%emt 0:04:35]} 9. Bh4 {[%emt 0:00:37]} Nf5 {[%emt 0:00:23]} 10. Qe2 {[%emt 0:21:27]} c6 {[%emt 0:09:28]} 11. O-O-O {[%emt 0:02:39]} Qe7 {[%emt 0:00:54]} 12. Ne4 {[%emt 0:06:29]} Nc5 {[%emt 0:11:20]} 13. Nxc5 {[%emt 0:14:20]} Qxc5 {[%emt 0:00:20]} 14. Bg3 {[%emt 0:00:10]} Bd7 {[%emt 0:11:24]} 15. Bf7+ {[%emt 0:03:37]} Ke7 {[%emt 0:00:32]} 16. e4 {[%emt 0:00:36]} Nd6 {[%emt 0:05:18]} 17. Bb3 {[%emt 0:00:09]} Rhd8 {[%emt 0:06:32]} 18. Ne1 {[%emt 0:02:13]} Nb5 {[%emt 0:01:46]} 19. Nd3 {[%emt 0:07:18]} Nd4 {[%emt 0:00:45]} 20. Nxc5 {[%emt 0:00:05]} Nxe2+ {[%emt 0:00:12]} 21. Kb1 {[%emt 0:00:01]} b6 {[%emt 0:05:49]} 22. Rxd7+ {[%emt 0:00:43]} Rxd7 {[%emt 0:00:07]} 23. Nxd7 {[%emt 0:00:00]} Kxd7 {[%emt 0:00:12]} 24. Bc4 {[%emt 0:00:07]} Nxg3 {[%emt 0:05:42]} 25. hxg3 {[%emt 0:00:02]} Rh8 {[%emt 0:00:34]} 26. c3 {[%emt 0:00:33]} Ke7 {[%emt 0:04:42]} 27. Kc2 {[%emt 0:00:12]} h5 {[%emt 0:00:22]} 28. Be2 {[%emt 0:03:28]} Rd8 {[%emt 0:02:39]} 29. g4 {[%emt 0:00:08]} hxg4 {[%emt 0:01:04]} 30. Bxg4 {[%emt 0:00:05]} 1/2-1/2

[Event "Charlotte Spring Classic 2021"]
[Site "Charlotte"]
[Date "2021.03.28"]
[Round "4.9"]
[White "Tsyganov, Igor"]
[Black "Graif, William"]
[Result "1-0"]
[WhiteElo "2221"]
[BlackElo "2257"]
[Annotator "TA"]
[PlyCount "95"]
[EventDate "2021.03.22"]
[EventType "swiss"]
[EventCountry "USA"]
[SourceTitle "playchess.com"]
[Source "ChessBase"]
[SourceQuality "1"]

{[%evp 9,95,7,18,18,18,19,19,20,20,9,18,18,26,22,25,29,28,17,12,18,27,18,14,10,12,16,31,23,68,61,83,92,77,91,97,77,91,75,74,72,89,104,116,121,162,162,181,182,218,228,212,164,189,144,147,148,141,143,162,160,154,145,258,235,262,255,243,218,1126,1034,1480,944,2470,2283,2876,2658,3323,2865,29979,29973,29969,12253,29986,29987,29987,29988,29991,29992]} 1. d4 Nf6 2. Nf3 d5 3. c4 e6 4. Nc3 a6 5. c5 b6 6. cxb6 $1 {D37: Queen's Gambit Declined: 5 Bf4.} cxb6 7. Bf4 Bd6 8. Bxd6 {The position is equal.} Qxd6 9. e3 Bb7 10. Bd3 b5 {[#]} 11. O-O $146 ({Predecessor:} 11. Ne5 Nbd7 12. f4 Rc8 13. O-O h5 14. Qf3 Ke7 15. Qg3 Rcg8 16. Qh4 g6 17. a4 {1-0 (52) Stober,M-Bandt,S Cologne 1994}) 11... Nbd7 12. a4 b4 13. Ne2 {[%cal Bc3e2,Be2c1,Bc1b3][%mdl 32]} a5 14. Nc1 O-O 15. Nb3 Ba6 16. Qe2 Bxd3 17. Qxd3 Ne4 18. Rfc1 Qb6 19. Ne5 Nxe5 20. dxe5 {Black must now prevent f3.} Rfc8 21. Qd4 Qa6 22. f3 Rc4 23. Rxc4 Qxc4 {[#]} 24. Nxa5 Qxd4 (24... Rxa5 25. fxe4) 25. exd4 $16 {[%mdl 4096] Endgame KRN-KRN} Nd2 {[#]} 26. Rc1 $1 f6 {[#]} (26... h5 27. Rc5) 27. Rc5 fxe5 28. dxe5 d4 29. Kf2 {Strongly threatening Ke2.} d3 30. Ke3 Rxa5 $18 {KRN-KR} 31. Rc8+ Kf7 32. Kxd2 Rxa4 33. Kxd3 $16 {KR-KR} Ra5 34. f4 Rd5+ 35. Ke3 Rb5 (35... g5 $16 {was necessary.}) 36. b3 g5 37. g3 ({Don't do} 37. fxg5 $6 Rxe5+ 38. Kf4 Re2 $18) 37... gxf4+ 38. gxf4 Kg6 $2 (38... h5 39. Rc4 Ke8) 39. Rf8 $18 Kg7 {[#]} 40. Rf6 $1 {[%cal Rf6e6]} Rc5 41. Rxe6 Rc3+ 42. Ke4 Rxb3 43. Re7+ Kg8 44. Rb7 Rb1 45. Kf5 (45. e6 $142 Ra1 46. Ke5 Kf8 47. f5 Ra8 48. Rxb4 h5 49. Rb7 Kg8 50. Kf6) 45... b3 46. Kf6 {[%cal Rb7b8] White mates.} h5 47. e6 Rf1 48. f5 {Weighted Error Value: White=0.05/Black=0.46} 1-0

[Event "Charlotte Spring Classic 2021"]
[Site "Charlotte"]
[Date "2021.03.28"]
[Round "4.10"]
[White "Yanayt, Eugene"]
[Black "Panuganti, Kireet"]
[Result "1/2-1/2"]
[WhiteElo "2125"]
[BlackElo "1962"]
[Annotator "ChessBase"]
[PlyCount "122"]
[EventDate "2021.03.22"]
[EventType "swiss"]
[EventCountry "USA"]
[SourceTitle "playchess.com"]
[Source "ChessBase"]
[SourceQuality "1"]
[TimeControl "5400+30"]

1. d4 {[%emt 0:08:15]} Nf6 {[%emt 0:00:01]} 2. c4 {[%emt 0:00:07]} e6 {[%emt 0:00:36]} 3. Nf3 {[%emt 0:01:07]} d5 {[%emt 0:00:24]} 4. g3 {[%emt 0:00:14]} Be7 {[%emt 0:00:06]} 5. Bg2 {[%emt 0:00:08]} O-O {[%emt 0:00:05]} 6. O-O {[%emt 0:00:06]} c6 {[%emt 0:00:10]} 7. Nc3 {[%emt 0:00:17]} b6 {[%emt 0:01:36]} 8. Nd2 {[%emt 0:04:46]} Ba6 {[%emt 0:05:31]} 9. b3 {[%emt 0:04:25]} b5 {[%emt 0:05:23]} 10. Bb2 {[%emt 0:03:37]} Nbd7 {[%emt 0:08:34]} 11. Re1 {[%emt 0:06:18]} Rb8 {[%emt 0:04:42]} 12. e4 {[%emt 0:18:12]} bxc4 {[%emt 0:06:54]} 13. e5 {[%emt 0:03:38]} Ne8 {[%emt 0:00:13]} 14. Qc2 {[%emt 0:04:46]} Nb6 {[%emt 0:10:16]} 15. Bf1 {[%emt 0:02:09]} cxb3 {[%emt 0:11:05]} 16. axb3 {[%emt 0:00:03]} Bxf1 {[%emt 0:00:04]} 17. Nxf1 {[%emt 0:00:56]} Qc7 {[%emt 0:01:18]} 18. Ba3 {[%emt 0:04:14]} Rc8 {[%emt 0:17:05]} 19. Nd2 {[%emt 0:06:33]} c5 {[%emt 0:04:21]} 20. Qb2 {[%emt 0:06:28]} Qd7 {[%emt 0:02:55]} 21. Nf3 {[%emt 0:01:10]} c4 {[%emt 0:02:42]} 22. Bxe7 {[%emt 0:03:19]} Qxe7 {[%emt 0:00:03]} 23. bxc4 {[%emt 0:01:12]} Nxc4 {[%emt 0:01:04]} 24. Qa2 {[%emt 0:03:45]} Nxe5 {[%emt 0:05:06]} 25. Nxe5 {[%emt 0:00:50]} Rxc3 {[%emt 0:00:05]} 26. Qxa7 {[%emt 0:00:28]} Qxa7 {[%emt 0:00:19]} 27. Rxa7 {[%emt 0:00:03]} Rc7 {[%emt 0:04:00]} 28. Ra6 {[%emt 0:02:49]} h5 {[%emt 0:02:37]} 29. h3 {[%emt 0:01:10]} Nf6 {[%emt 0:00:20]} 30. g4 {[%emt 0:00:12]} hxg4 {[%emt 0:00:20]} 31. hxg4 {[%emt 0:00:03]} Rfc8 {[%emt 0:00:47]} 32. g5 {[%emt 0:00:48]} Rc1 {[%emt 0:03:44]} 33. Rxc1 {[%emt 0:00:08]} Rxc1+ {[%emt 0:00:02]} 34. Kg2 {[%emt 0:00:08]} Ne4 {[%emt 0:01:07]} 35. g6 {[%emt 0:03:44]} fxg6 {[%emt 0:00:48]} 36. Rxe6 {[%emt 0:00:33]} Rc2 {[%emt 0:00:42]} 37. Re8+ {[%emt 0:01:35]} Kh7 {[%emt 0:00:01]} 38. Ng4 {[%emt 0:00:03]} Rd2 {[%emt 0:00:27]} 39. Kf3 {[%emt 0:00:57]} Rxd4 {[%emt 0:01:29]} 40. Ke3 {[%emt 0:00:11]} Rd1 {[%emt 0:00:54]} 41. Re7 {[%emt 0:00:54]} g5 {[%emt 0:01:43]} 42. f3 {[%emt 0:01:20]} Nd6 {[%emt 0:00:10]} 43. Ke2 {[%emt 0:00:03]} Rd4 {[%emt 0:00:38]} 44. Rd7 {[%emt 0:01:47]} Ne8 {[%emt 0:00:58]} 45. Ke3 {[%emt 0:01:11]} Rd1 {[%emt 0:00:08]} 46. Ke2 {[%emt 0:00:12]} Rd4 {[%emt 0:00:32]} 47. Ke3 {[%emt 0:00:12]} Ra4 {[%emt 0:00:52]} 48. Rxd5 {[%emt 0:00:24]} Kg6 {[%emt 0:00:31]} 49. Ne5+ {[%emt 0:00:39]} Kf6 {[%emt 0:00:27]} 50. Ng4+ {[%emt 0:00:38]} Kg6 {[%emt 0:00:07]} 51. Ne5+ {[%emt 0:00:10]} Kh7 {[%emt 0:00:48]} 52. Ng4 {[%emt 0:01:05]} Nf6 {[%emt 0:00:38]} 53. Rxg5 {[%emt 0:00:23]} Nxg4+ {[%emt 0:00:17]} 54. fxg4 {[%emt 0:00:30]} g6 {[%emt 0:00:40]} 55. Kf3 {[%emt 0:00:08]} Ra3+ {[%emt 0:00:08]} 56. Kf4 {[%emt 0:00:06]} Kh6 {[%emt 0:00:19]} 57. Rb5 {[%emt 0:00:32]} g5+ {[%emt 0:00:36]} 58. Ke4 {[%emt 0:01:15]} Ra4+ {[%emt 0:00:59]} 59. Kf3 {[%emt 0:00:08]} Rf4+ {[%emt 0:00:13]} 60. Kg3 {[%emt 0:00:05]} Rf6 {[%emt 0:00:22]} 61. Rb8 {[%emt 0:01:00]} Ra6 {[%emt 0:00:43]} 1/2-1/2

[Event "Charlotte Spring Classic 2021"]
[Site "Charlotte"]
[Date "2021.03.29"]
[Round "5.1"]
[White "Wang, Tianqi"]
[Black "Ippolito, Dean"]
[Result "1-0"]
[WhiteElo "2305"]
[BlackElo "2369"]
[Annotator "TA"]
[PlyCount "141"]
[EventDate "2021.03.22"]
[EventType "swiss"]
[EventCountry "USA"]
[SourceTitle "playchess.com"]
[Source "ChessBase"]
[SourceQuality "1"]

{[%evp 13,141,22,25,24,14,28,25,20,30,27,35,16,65,59,80,29,34,29,33,31,39,37,31,37,39,39,39,39,41,0,42,0,41,42,45,41,36,31,77,74,109,85,94,85,109,70,80,45,45,55,53,40,70,40,41,43,48,25,25,0,23,22,25,25,34,12,12,12,12,12,12,12,12,12,55,56,56,56,56,57,67,74,77,77,1147,1140,1125,1119,1035,885,11300,10671,4413,1279,29945,29948,11761,5604,29966,29968,29969,29970,29970,29971,29970,29972,29974,29974,29975,29976,29976,29977,29977,29978,29978,29979,29979,29976,29980,29981,29982,29983,29983,29984,29984,29980,29980,29981,29981,29982]} 1. e4 e5 2. Nf3 Nf6 3. Nxe5 d6 4. Nf3 Nxe4 5. Nc3 Nxc3 6. dxc3 Be7 7. Be3 O-O 8. Qd2 {C42: Petroff Defence: 3 Nxe5 and unusual White 3rd moves.} Nd7 9. O-O-O Nf6 10. Bd3 {White has an edge.} c5 11. Rhe1 Be6 12. Bg5 Qa5 13. a3 Rfe8 14. Bxf6 (14. Qf4 $16) 14... Bxf6 $11 15. Ng5 Bxg5 16. Qxg5 {[#]} d5 $146 ({Predecessor:} 16... h6 17. Qf4 d5 18. g4 Qd8 19. Be2 Qg5 20. Qxg5 hxg5 21. Bf3 Kf8 22. Bxd5 Bxg4 23. Rxe8+ Rxe8 {½-½ (46) Giri,A (2772)-Motylev,A (2675) Tbilisi 2017}) 17. Bf5 Qd8 18. Qg4 {[%cal Rf5e6]} Qf6 19. Bxe6 Rxe6 20. Rxe6 fxe6 $14 {[%mdl 4096] Endgame KQR-KQR} 21. Rd2 Re8 22. Kb1 b6 23. f4 h6 24. g3 Rd8 25. Re2 Rd6 26. Re5 d4 27. cxd4 cxd4 28. Qe2 Qf7 29. Qd3 Qd7 30. f5 exf5 31. Rxf5 Qe6 32. Rf4 (32. Rf1 {is interesting.} Qd5 33. Rd1 b5 34. Re1 a6 35. Re4) 32... Qe3 33. h4 Qxd3 34. cxd3 {KR-KR} Rd5 35. Kc2 g5 36. hxg5 (36. Rf6 {seems wilder.} Kg7 37. Re6 Rc5+ 38. Kb3 Rb5+ 39. Ka2) 36... hxg5 37. Re4 Kf7 38. a4 a5 39. Kb3 {Strongly threatening Kc4!} b5 40. axb5 Rxb5+ 41. Ka3 Rd5 42. b4 axb4+ 43. Kxb4 Kf6 44. Kc4 Rd8 45. Rxd4 Rc8+ 46. Kd5 Rd8+ 47. Ke4 Re8+ 48. Kf3 Re6 $2 {[%mdl 8192] [#] Loses the game.} (48... Re1 $16) 49. Rd5 $18 Re1 50. Kg4 Re3 51. Rf5+ Ke6 52. Rf3 Re5 53. Kh5 (53. d4 $142 Rd5 54. Re3+ Kf6 55. Re4) 53... Rd5 54. g4 Ke7 55. Rf5 Rxd3 56. Kxg5 {White mates.} Rd8 57. Kh6 Ke6 58. Rf2 Rh8+ 59. Kg7 Rh1 60. Re2+ Kd7 61. g5 Rh3 62. g6 Rh1 63. Kf7 Rf1+ 64. Kg8 Rh1 65. g7 Rh3 66. Re4 Rh1 67. Kf7 Rf1+ {[#]} 68. Kg6 $1 Rg1+ 69. Kh6 Kd6 70. Rh4 Ke7 71. Kh7 {Weighted Error Value: White=0.09/Black=0.37} 1-0

[Event "Charlotte Spring Classic 2021"]
[Site "Charlotte"]
[Date "2021.03.28"]
[Round "5.2"]
[White "Prasanna Raghuram Rao"]
[Black "Aaron, Deepak"]
[Result "1-0"]
[WhiteElo "2437"]
[BlackElo "2300"]
[Annotator "TA"]
[PlyCount "55"]
[EventDate "2021.03.22"]
[EventType "swiss"]
[EventCountry "USA"]
[SourceTitle "playchess.com"]
[Source "ChessBase"]
[SourceQuality "1"]

{[%evp 14,55,50,41,58,52,68,45,56,23,67,65,76,60,127,120,134,143,144,143,254,256,511,503,560,555,541,535,512,506,539,506,506,505,493,506,519,519,568,563,603,600,607,600]} 1. d4 e6 2. c4 f5 3. g3 Nf6 4. Bg2 Bb4+ 5. Nd2 O-O 6. Ngf3 d6 7. O-O Bxd2 8. Bxd2 Ne4 {A90: Dutch Defence: Miscellaneous and Modern Stonewall (with ...Bd6).} 9. Rc1 Nd7 {[#]} 10. Qc2 $146 ({Predecessor:} 10. Bc3 Qe7 11. b4 Nxc3 12. Rxc3 Nf6 13. Nd2 e5 14. e3 e4 15. f3 exf3 16. Qxf3 {½-½ (16) Teixeira,R (2325)-Limp,E (2370) Rio de Janeiro 1997}) 10... Qe8 {White is slightly better.} 11. Ng5 Nxg5 12. Bxg5 Qh5 13. Bd2 e5 (13... Nf6 $14) 14. c5 $16 Nf6 15. cxd6 cxd6 16. Bb4 {dxe5 is the strong threat.} f4 (16... Re8 $16 17. Bxd6 exd4) 17. Bxd6 Bh3 $2 {[#]} (17... Re8 18. dxe5 (18. Bxe5 Ng4 $16) (18. gxf4 exd4 19. Qb3+ Kh8 $16) 18... Ng4) 18. Bxf8 {White is clearly winning.} Bxg2 19. Kxg2 Rxf8 20. Qb3+ Kh8 21. Qf3 Qg5 22. dxe5 Qxe5 23. Qxf4 Qxb2 24. Qf3 Qxa2 25. Ra1 Qe6 26. Rxa7 h6 27. Qxb7 {[%csl Ga7][%cal Rb7g7] [#]} Nh5 28. Ra8 {Black did not feel at home in the position after the opening.  Weighted Error Value: White=0.05/Black=0.43} 1-0

[Event "Charlotte Spring Classic 2021"]
[Site "Charlotte"]
[Date "2021.03.29"]
[Round "5.3"]
[White "Fishbein, Alexander"]
[Black "Chasin, Nico"]
[Result "1/2-1/2"]
[WhiteElo "2438"]
[BlackElo "2293"]
[Annotator "TA"]
[PlyCount "94"]
[EventDate "2021.03.22"]
[EventType "swiss"]
[EventCountry "USA"]
[SourceTitle "playchess.com"]
[Source "ChessBase"]
[SourceQuality "1"]

{[%evp 13,94,19,46,28,82,21,35,30,38,33,35,25,37,5,23,17,56,43,97,100,125,49,235,239,222,32,26,16,462,475,517,503,435,80,75,69,89,102,93,79,112,119,122,8,10,8,8,14,37,11,52,8,19,0,0,0,-9,-37,0,0,0,0,0,0,0,0,8,0,0,0,0,0,0,0,0,0,0,0,0,0,8,0,0]} 1. e4 c5 2. Nf3 e6 3. d4 cxd4 4. Nxd4 Nc6 5. Nc3 Qc7 6. g3 a6 7. Bg2 h5 8. h3 {B47: Sicilian: Taimanov: 5 Nc3 Qc7 6 f4, 6 g3 and 6 Be2.} Bc5 (8... h4 $11 {keeps the balance.}) 9. Nxc6 (9. Nb3 $16 Be7 10. O-O) 9... dxc6 10. Qd3 {White is slightly better.} h4 {[#]} 11. Be3 $146 ({Predecessor:} 11. g4 e5 12. Be3 Bxe3 13. Qxe3 Ne7 14. O-O Be6 15. Rad1 O-O 16. Qg5 Ng6 17. b3 {0-1 (27) Geher,K (1912)-Korpa,B (2474) Hajduboszormeny 2016}) 11... Bxe3 12. Qxe3 hxg3 13. f4 e5 14. Qxg3 Ne7 15. f5 (15. fxe5 Ng6 $15) (15. Qxg7 $2 Rg8 $17) 15... Bd7 (15... g6 $14) 16. O-O-O $36 {[%mdl 2048] White is in control.} (16. Qxg7 Rg8 $11) 16... g6 17. f6 (17. Qg5 $1 $16) 17... Nc8 $2 (17... Ng8 $14) 18. Na4 $1 $18 {[%cal Bc3a4,Ba4c5,Bc5d7][%mdl 32]} c5 {[#]} 19. Rxd7 Kxd7 $14 20. Rd1+ Kc6 $2 {[%mdl 8192] [#]} (20... Ke8 $11 {and Black has nothing to worry.}) 21. Nxc5 $1 $18 {[%mdl 512]} b6 ({Not} 21... Kxc5 22. Rd5+ Kc6 23. Qc3+ Kb6 24. Qe3+ Kc6 25. Qc5#) (21... Nd6 22. Qxe5) 22. Nd7 Re8 23. Qb3 $2 (23. Rd5 $18 {and the rest is easy.}) 23... Nd6 $16 {[#]} 24. Nxb6 Rab8 {[#]} 25. Nd5 {Qc3+ would kill now.} Rxb3 26. Nxc7 Kxc7 27. axb3 {[%mdl 4096] Endgame KRB-KRN} Re6 28. Bf1 (28. Rd5 $16) 28... Rxf6 $11 29. Bxa6 {With the idea Rd5.} Nxe4 30. Bc4 Nd6 31. Bd5 Rf2 32. Re1 f6 33. c4 Nf5 34. Kb1 Nd4 35. c5 f5 36. Rxe5 {Threatens to win with b4.The position is equal.} Rf1+ $1 37. Ka2 {Hoping for b4.} Nc2 {[%csl Gc2][%cal Rf1a1]} 38. b4 $1 {[%cal Rb4b5]} ({But not} 38. Re7+ $2 Kd8 $19) 38... Nxb4+ 39. Kb3 Nd3 {[#]} 40. Bc4 $1 Nxe5 41. Bxf1 {KB-KN} Kc6 42. Kb4 {Black must now prevent Bg2+.} f4 43. Bb5+ Kd5 44. Ba6 {Bb7+ is the strong threat.} Kc6 45. Bb5+ Kd5 46. Ba6 {And now Bb7+ would win.} Kc6 47. Bb5+ Kd5 {Blacks defense is rewarded with a draw.  Weighted Error Value: White=0.30/Black=0.31} 1/2-1/2

[Event "Charlotte Spring Classic 2021"]
[Site "Charlotte"]
[Date "2021.03.29"]
[Round "5.4"]
[White "Sarkar, Justin"]
[Black "Bregadze, Levan"]
[Result "1/2-1/2"]
[WhiteElo "2365"]
[BlackElo "2454"]
[Annotator "TA"]
[PlyCount "73"]
[EventDate "2021.03.22"]
[EventType "swiss"]
[EventCountry "USA"]
[SourceTitle "playchess.com"]
[Source "ChessBase"]
[SourceQuality "1"]

{[%evp 9,73,12,26,22,47,3,46,0,34,-8,2,0,47,46,50,40,43,41,50,25,22,32,50,50,50,50,43,42,46,53,52,10,12,0,0,0,13,8,21,21,16,0,0,0,0,0,0,0,0,0,0,0,0,0,0,0,0,0,0,0,0,0,0,0,0,0]} 1. e4 g6 2. d4 Bg7 3. Nc3 d6 4. h3 Nd7 5. g4 c6 6. a4 {B06: Modern Defence.} e5 7. Nge2 {[#]} Ne7 $146 (7... h5 {looks sharper.} 8. g5 exd4 9. Nxd4 Ne7 10. Bg2 O-O) ({Predecessor:} 7... h5 8. g5 Ne7 9. Bg2 O-O 10. Be3 d5 11. exd5 Nf5 12. h4 exd4 13. Nxd4 Nxe3 14. fxe3 {1-0 (41) Djurhuus,R (2460)-Bern,I (2370) Gausdal 1993}) 8. Bg2 {White is slightly better.} O-O 9. a5 f5 10. dxe5 dxe5 (10... Nxe5 {is more complex.} 11. f4 Nf7 12. Be3 fxe4 13. Nxe4 d5) 11. exf5 gxf5 12. Ng3 Nf6 13. Qxd8 Rxd8 14. gxf5 (14. Bg5 {with more complications.} h6 15. Nxf5 Nxf5 16. Bxf6 Bxf6 17. gxf5 Bxf5 18. a6) 14... Nxf5 15. Bg5 h6 16. Bxf6 Bxf6 17. Nxf5 Bxf5 18. a6 Rab8 19. axb7 Rxb7 20. Bxc6 (20. Be4 {feels hotter.} Bc8 21. Rg1+ Kh8 22. Rg6 Bg5 23. Rxc6 Rxb2 24. Rd1) 20... Rxb2 {The position is equal.} 21. Be4 Bxe4 $1 22. Nxe4 Bg7 23. O-O Rd7 24. c3 Re2 25. Ra4 Rf7 26. Rfa1 Rf4 27. Ng3 Rexf2 28. Rxf4 Rxf4 29. Rxa7 $11 {[%mdl 4096] Endgame KRB-KRN} Bf8 {[#] White must now prevent ...Bc5+.} 30. Ra5 Rf3 31. Kg2 Rxc3 32. Rxe5 Bd6 33. Re8+ Kf7 34. Ne2 Ra3 35. Re4 h5 36. Nf4 h4 37. Ne2 {Weighted Error Value: White=0.07/Black=0.08} 1/2-1/2